WWF/WWE Managers, Valets and Bodyguards - Statistics

General Stats
  • This quiz has been taken 762 times
    271 since last reset
  • The average score is 33 of 160
Answer Stats
Answer % Correct
Bobby "The Brain" Heenan
89%
Paul Heyman
86%
Jimmy Hart
81%
Paul Bearer
78%
Miss Elizabeth
72%
Stephanie McMahon
72%
Mr. Fuji
68%
Chyna
61%
Ted Dibiase
60%
Lita
59%
Sunny
59%
Sable
58%
Jim Cornette
57%
Ric Flair
56%
Sensational Sherri
56%
Marlena
54%
Virgil
53%
Freddie Blassie
51%
Slick
51%
Trish Stratus
51%
Capt. Lou Albano
48%
Luna Vachon
46%
Paul Ellering
44%
Diesel
43%
A.J. Lee
41%
Jacqueline
38%
Stacy Keibler
38%
Vickie Guerrero
38%
Tori
36%
Mr. Perfect
35%
Molly Holly
33%
Debra
32%
Rick Rude
31%
Afa
29%
Brother Love
29%
"Cowboy" Bob Orton
29%
Lana
29%
MVP
29%
Melina
28%
Teddy Long
28%
Bob Backlund
26%
Coach
26%
Michael Hayes
26%
The Fabulous Moolah
26%
Zelina Vega
26%
Harvey Whippleman
25%
Hornswoggle
25%
Armando Alejandro Estrada
24%
Kim Chee
24%
Oliver Humperdink
24%
Sharmell
24%
General Adnan
23%
Hillbilly Jim
23%
John Bradshaw Layfield
23%
Sapphire
23%
The Kat
23%
Cameron & Naomi
22%
Natalya
21%
Ricardo Rodriguez
21%
The Genius
21%
The Grand Wizard
21%
Johnny Polo
20%
Maryse
20%
Gangrel
19%
Summer Rae
19%
Zeb Colter
19%
Michelle McCool
18%
Arnold Skaaland
17%
Clarence Mason
17%
Frenchy Martin
17%
Tamina Snuka
17%
The Iron Sheik
17%
Cherry
16%
Mr. Hughes
16%
Nicole Bass
16%
Nidia
16%
Paige
16%
The Wizard
16%
Alicia Fox
15%
Carmella
15%
Ranjin Singh
15%
Honkytonk Man
14%
Jillian Hall
14%
Omos
14%
Rico
14%
"Superstar" Billy Graham
14%
The Stooges
14%
Dink
13%
Johnny V
13%
Scarlett
13%
Abraham Washington
12%
Cyndi Lauper
12%
Dana Brooke
12%
Ryan Shamrock
12%
The Roadie
12%
Bruno Sammartino
11%
Daivari
11%
Dawn Marie
11%
Deacon Batista
11%
Max Dupri
11%
Oscar
11%
Tony Atlas
11%
Kelly Kelly
10%
B-Fab
9%
Big E Langston
9%
Jameson
9%
Lio Rush
9%
Luther Reigns
9%
Maxxine Dupri
9%
Valhalla
9%
Amy Weber
8%
Buddy Rogers
8%
El Torito
8%
Jose Lothario
8%
Robert Stone
8%
Serena
8%
Maxine
7%
Alex Riley
6%
Ezekiel Jackson
6%
Jackie Gayda
6%
James Ellsworth
6%
Maria Kanellis
6%
Sami Zayn
6%
The Jackyll
6%
The Miztourage
6%
Aksana
5%
Francine
5%
The Baron
5%
Aiden English
4%
Ariel
4%
Cletus
4%
Commander Azeez
4%
Katie Lea Burchill
4%
Matt Striker
4%
Shaniqua
4%
Tennessee Lee
4%
Billie Kay
3%
Cloudi
3%
Drake Maverick
3%
Erick Rowan
3%
Eva Marie
3%
Jackson Andrews
3%
Joy Giovanni
3%
Malcolm Bivens
3%
Reginald
3%
Sakamoto
3%
Shinja
3%
Titus O'Neil
3%
Candice LeRae
2%
Hiroko
2%
Kristal Marshall
2%
The Commandant
2%
Yamaguchi San
2%
Harland
1%
J&J Security
1%
Marianna
1%
Raquel Gonzalez
1%
The Singh Brothers
1%
Trinity
1%
Jaxson Ryker
0%
No matching quizzes found
Score Distribution
Percent of People with Each Score
Percentile by Number Answered
Your Score History
You have not taken this quiz since the last reset